Score 0/26 Timer 03:00
0 Plays Today
Hint Answer % Correct
____ da VinciLeonardo
97.5%
____ LutherMartin
96.9%
____ Graham BellAlexander
96.2%
____ ShakespeareWilliam
96.1%
____ MarxKarl
95.8%
____ EdisonThomas
95.6%
____ AustenJane
93.2%
____ DalíSalvador
90.7%
____ S. GrantUlysses
90%
____ TubmanHarriet
87.4%
____ CromwellOliver
85.8%
____ Waldo EmersonRalph
84.7%
____ BooneDaniel
81.3%
Hint Answer % Correct
____ LeninVladimir
80.6%
____ GandhiIndira
77.1%
____ GagarinYuri
76.9%
____ GalileiGalileo
75.6%
____ KahloFrida
66.6%
Mao ____Zedong
66%
____ GodunovBoris
59.7%
____ AquinoCorazon
55.1%
____ of AquitaineEleanor
51.4%
____ NerudaPablo
50.8%
____ MachiavelliNiccolò
35.4%
Jiang ____Qing
31.7%
Deng ____Xiaoping
29.4%

Today's Daily Dose

Missing Word
Marvin Gaye Songs

Quick Pick
Movies of 2019

Get the Picture
Chinese Cities

You're not logged in!

Compare scores with friends on all Sporcle quizzes.
OR
Log In

Sporcle TV

Today on Sporcle TV


Watch our educational content, quiz creation guides, and fun videos on Sporcle TV.

Show Comments

Extras

Top Quizzes Today


Score Distribution

Your Account Isn't Verified!

In order to create a playlist on Sporcle, you need to verify the email address you used during registration. Go to your Sporcle Settings to finish the process.

Report this User

Report this user for behavior that violates our Community Guidelines.

Details: